004350000a22001090004500090001700000245013700017041001300154100002600167942001300193773010200206999001700308 aASbSeriadas10aNew species of frogs (Eleutherodactylus: Leptodactylidae) from the Cordillera Oriental of Norte de Santander and Santander, Colombia0 aInglés1 aLynch, John D.992907 cARTICULO1 tRevista de Academia Colombiana de Ciencias Exactas, Físicas y Naturalesh104q449-460d2003g27 c15532d15532